000
00243nam a2200097Ia 4500
005
20251222114404.0
008
251222s1900||||xx |||||||||||||| ||spa||
082
_a
DVD0070/W17/2003/Ej.2
245
0
_a
Man of Marble:El Hombre de Marmol
942
_c
DVD
999
_c
1763
_d
1763